000 00568nam a2200229Ia 4500
003 OSt
005 20220918193304.0
006 a|||||r|||| 00| 0
007 ta
008 220917b |||||||| |||| 00| 0 eng d
024 _a72,500
037 _cTextual
040 _aARTS
_cARTS
_beng
041 _2eng
_aeng
082 _aR4911, G7
100 _aDickinson G Lowes
245 0 _aMeaning of good
_b a dialogue
260 _c1937
650 _aGOOD AND EVIL
_919248
942 _hR4911, G7
_cTEXL
_2CC
999 _c198488
_d198488